Moje prvé krôčiky s ceruzkou v ruke

Bibliographic Details
Main Authors: Halasová, Jitka (Author), Tarábková, Mária (Author), Profant, Tomáš, 1975- (Author)
Other Authors: Sakálová, Zuzana (Translator)
Format: Image
Language:Slovak
PhysicalDescription:47 s. ilustr. 30 cm
Published: [Bratislava] Didaktis 2003
ISBN:8089160042
Edition:1. slov. vyd.
Series:Moje prvé krôčiky
Subjects:

MARC

LEADER 00000nkm a2200000 a 4500
001 vtls001472701
003 SK-MaSNL
005 20260302094558.0
008 230706s2003 xo 0| slo
015 |a SNBA2004/06-03699 
020 |a 8089160042 
035 |a SNK000428003 
035 |a urn:nbn:sk:snk-km3lpn9 
035 |a 8C899E0C-51F4-47F7-9A3D-4BC146D7B132 
035 |a urn:nbn:sk:snk-km00c8vy 
040 |a SNK  |b slo  |c SNK  |e AACR2 
041 0 |a slo 
044 |a xo  |c SK 
072 7 |a 373.2/.3  |x Predškolská a primárna výchova a vzdelávanie  |2 konspekt 
080 |a 373.2  |2 1981 
080 |a 159.955  |2 1981 
080 |a 159.946.4  |2 1981 
080 |a 741  |2 1981 
080 |a (0.053.2)  |2 1981 
080 |a (076.1)  |2 1981 
100 1 |a Halasová, Jitka  |4 aut  |9 766666 
245 1 |a Moje prvé krôčiky s ceruzkou v ruke  |c [námet a motivačné básne: Jitka Halasová ; spracovanie: Mária Tarábková ; ilustrácie: Tomáš Profant ; preklad: Zuzana Sakálová] 
250 |a 1. slov. vyd. 
260 |a [Bratislava]  |b Didaktis  |c 2003 
300 |a 47 s.  |b ilustr.  |c 30 cm 
490 1 |a Moje prvé krôčiky / Didaktis 
500 |a Ilustr. na tit. strane 
500 |a Úpr. básní do slov.: Dana Hašková 
521 |a Pre deti vo veku 4-6 rokov 
650 0 7 |a predškolská výchova  |2 SNKPH  |9 3959 
650 0 7 |a rozvoj myslenia  |2 SNKPH  |9 3967 
650 0 7 |a grafomotorika  |2 SNKPH  |9 27199 
650 0 7 |a kreslenie  |2 SNK  |9 1239 
655 7 |a publikácie pre deti  |2 SNKPH  |9 70148 
655 7 |a pracovné zošity  |2 SNKPH  |9 70188 
700 1 |a Tarábková, Mária  |4 aut  |9 316333 
700 1 |a Profant, Tomáš,  |d 1975-  |4 aut  |9 202921 
700 1 |a Sakálová, Zuzana  |4 trl  |9 443267 
830 0 |a Moje prvé krôčiky  |9 467183 
852 |a Slovenská národná knižnica 
919 |a 80-89160-04-2 
958 |a GBN 
958 |a OND 
968 |b ČES 
968 |d 37 
999 |c 1213713  |d 1215643 
952 |t P60, <03>, [BOOK], {603}  |a SNK  |b SNK  |y PREZ  |7 0  |p 17A0424443  |o snkSB 68374  |i snkKSP 5058/2004  |0 0  |1 0  |4 0  |d 2004-04-07  |f 1  |l 0  |r 2025-04-22 00:00:00  |w 2026-02-24 
952 |t P60, <04>, [BOOK], {604}  |a SNK  |b SNK  |y VYP  |7 0  |p 17A0424442  |o snkSB 68374 D1  |i snkKSP 5059/2004  |0 0  |1 0  |4 0  |d 2004-04-07  |l 0  |r 2005-01-02 00:00:00  |w 2026-02-24